| 000 | 00449nam a22001817a 4500 | ||
|---|---|---|---|
| 005 | 20200520155834.0 | ||
| 008 | 200520b xxu||||| |||| 00| 0 eng d | ||
| 020 | _a9789374734636 | ||
| 041 | _aeng | ||
| 082 | _a615.32 KHA | ||
| 100 |
_aKhaitan,Dr. Malti _95660 |
||
| 245 | _aFlowers that Heal: Indian flower remidies | ||
| 250 | _a2'nd | ||
| 260 |
_aDelhi _bAITBS PUBLISHERS _c2016 |
||
| 300 | _a397p. | ||
| 650 |
_aPharmacy _95661 |
||
| 942 | _cBK | ||
| 999 |
_c6358 _d6356 |
||